000 00480nam a2200193Ia 4500
003 LK-CoDNM
008 010623t2001 xxu||||| |||| 00| 1 sin d
040 _aLK-CoDNM
_dLK-CoDNM
_eLK-CoDNM
041 _asin
080 _a781
_bDES
100 _aDe Silva, Samanmala
245 _aමියුරු ගී වැල්
246 _aMiyuru gee wel
260 _bAuthor
_aKatunayaka
_c2001
300 _b90, 21.5 cm
650 _aLiterature
650 _aMusic
942 _cBK
999 _c121407
_d121407